000 00962nac a22002657a 4500
001 BR8403640
003 BR-BrBNA
005 20240105120054.0
008 230509b bl.|||m| |||| 00| 0 por d
040 _aBR-BrBNA
_bpor
_cBiblioteca Nacional de Agricultura
072 _aN20; F00
090 _a4650 BR8403640
110 1 _aEmpresa Brasileira de Assistencia Tecnica e Extensao Rural, Brasilia, DF (Brasil)
245 1 _aEquipamento; aparelho para picar restos de culturas (Tracao animal)
_bTecnica para producao vegetal
260 3 _aBrasilia, DF (Brasil):
_c1984.
300 _a3 p.
490 _aFichario de Tecnologias Adaptadas - Empresa Brasileira de Assistencia Tecnica e Extensao Rural (Brazil)
_vv. 17(394)
_x
650 _aIMPLEMENTO AGRICOLA
650 _aPRATICA CULTURAL
650 _aPICADEIRA
650 _aTRACAO ANIMAL
650 _aTECNOLOGIA APROPRIADA
909 _a202312
_bLúcia Elande
_c55
_dLúcia Elande
942 _2AGRIS
_n0
_cMS
999 _c277825
_d277825